En voz alta

Guardat en:
Dades bibliogràfiques
Autor principal: Massone del Campo, Juan Antonio (autor)
Format: Llibre
Idioma:espanyol
Publicat: Santiago Nascimento 1983
Matèries:
Etiquetes: Afegir etiqueta
Sense etiquetes, Sigues el primer a etiquetar aquest registre!

MARC

LEADER 00000nam a2200000 a 4500
001 UCY1689
003 CL-VaPUC
008 940913e19830000CL |||||||||||||||||spa|d
082 0 4 |a Ch861  |b MAS  |2 21 
100 |a Massone del Campo, Juan Antonio  |e autor  |9 561466 
245 1 0 |a En voz alta 
300 |a 127 p 
942 |c BK 
945 |d 19940913 00:00:00  |a oaravena 
260 |a Santiago  |b Nascimento  |c 1983 
650 0 |a Poesías chilenas   |9 265280 
583 |a last modification  |c 19940913 00:00:00  |k Rodrigo Vera 
999 |c 230311  |d 230309 
952 |0 0  |1 0  |4 0  |6 CH_861_000000000000000_MAS_1983  |7 0  |8 A  |9 232466  |a BIBART  |b BIBART  |d 2019-11-15  |i 3016633  |o Ch861 MAS 1983  |p 3016633  |r 2025-03-13  |w 2019-11-15  |y BK  |k ART